| 000 | 00796nam a2200157 4500 | ||
|---|---|---|---|
| 003 | LRUA | ||
| 005 | 20200706101326.0 | ||
| 008 | 200706b xxu||||| |||| 00| 0 eng d | ||
| 040 | _cRUA | ||
| 082 | _aAED PEO 2018 B466 Or.1 | ||
| 100 |
_914264 _aPEOU HORN,ពៅ ហន |
||
| 245 | _athe study on capacity of commune council in developmnt of decentraliztion in romeas hek district,svay rieng province,ការសិក្សាពីសមត្ថភាពរបស់ក្រុមប្រឹក្សាឃុំក្នុងការអភិវឌ្ឍប្រព័ន្ធវមជ្ឍការក្នុងស្រុករមាសហែក ខេត្តស្វាយរៀង | ||
| 260 |
_aRUA _bphnom penh _c2018 |
||
| 300 |
_ax;47p; _bill; _c29cm; |
||
| 942 |
_cAED _2ddc |
||
| 999 |
_c19239 _d19239 |
||